| 000 | 00363nam a22001337a 4500 | ||
|---|---|---|---|
| 082 |
_a894.812.3 _bESH/G |
||
| 100 | _aESHA | ||
| 245 | _aGUNAPADAKATHAKAL BALANUM APPLEMARAVUM | ||
| 246 |
_aGUNAPADAKATHAKAL BALANUM APPLEMARAVUM _bGUNAPADAKATHAKAL BALANUM APPLEMARAVUM |
||
| 260 |
_aSIVAKASI _bESHA _c2024 |
||
| 300 | _a16 | ||
| 650 | _aMALAYALAM STORIES | ||
| 942 | _cBK | ||
| 999 |
_c9090 _d9090 |
||